Classifica Marcatori Serie A 2009-2010 - Statistics

Statistiche generali
  • Questo quiz è stato fatto 140 volte
  • Il punteggio medio è 14 su 18
Statistiche sulle risposte
Gol Nazione Squadra Calciatore % Corretto
29 Italia Udinese Antonio Di Natale
100%
22 Argentina Inter Diego Milito
100%
12 Slovacchia Napoli Marek Hamšík
97%
14 Italia Roma Francesco Totti
96%
12 Camerun Inter Samel Eto'o
95%
13 Uruguay Palermo Edinson Cavani
94%
14 Montenegro Roma Mirko Vučinić
94%
19 Italia Palermo Fabrizio Miccoli
92%
12 Brasile Milan Alexandre Pato
90%
15 Italia Fiorentina Alberto Gilardino
83%
19 Italia Sampdoria Giampaolo Pazzini
83%
12 Brasile Milan Ronaldinho
83%
12 Italia Bologna Marco Di Vaio
79%
14 Italia Milan Marco Borriello
64%
12 Italia Siena Massimo Maccarone
60%
13 Italia Cagliari Alessandro Matri
57%
14 Brasile Bari Barreto
42%
12 Italia Genoa/Lazio Sergio Floccari
35%
Nessun quiz corrispondente trovato
Distribuzione punteggi
Percentuale di utenti per punteggio
Percentile per numero di risposta
I tuoi punteggi nel tempo
Non hai fatto questo quiz